<?xml version="1.0" encoding="UTF-8"?>
<record
    xmlns:xsi="http://www.w3.org/2001/XMLSchema-instance"
    xsi:schemaLocation="http://www.loc.gov/MARC21/slim http://www.loc.gov/standards/marcxml/schema/MARC21slim.xsd"
    xmlns="http://www.loc.gov/MARC21/slim">

  <leader>01657cam a2200385 i 4500</leader>
  <controlfield tag="001">zz2006863563</controlfield>
  <controlfield tag="003">NUKAT</controlfield>
  <controlfield tag="005">20260331221629.0</controlfield>
  <controlfield tag="008">060309s1873    pl     f 2   |000 0dpol c</controlfield>
  <datafield tag="035" ind1=" " ind2=" ">
    <subfield code="a">(OCoLC)749731872</subfield>
  </datafield>
  <datafield tag="035" ind1=" " ind2=" ">
    <subfield code="a">(NUKAT)zz2006863563</subfield>
  </datafield>
  <datafield tag="040" ind1=" " ind2=" ">
    <subfield code="a">TOR U/PDJR</subfield>
    <subfield code="b">pol</subfield>
    <subfield code="e">rda</subfield>
    <subfield code="c">TOR U/PDJR</subfield>
    <subfield code="d">TOR U/AP</subfield>
    <subfield code="d">OLSZT 008/AL</subfield>
  </datafield>
  <datafield tag="099" ind1=" " ind2=" ">
    <subfield code="a">hh_493405</subfield>
  </datafield>
  <datafield tag="100" ind1="1" ind2=" ">
    <subfield code="a">Ziemba, Teofil</subfield>
    <subfield code="d">(1847-1900).</subfield>
    <subfield code="e">Autor</subfield>
    <subfield code="9">39339</subfield>
  </datafield>
  <datafield tag="245" ind1="1" ind2="0">
    <subfield code="a">Tadeusz Czacki i jego zas&#x142;ugi :</subfield>
    <subfield code="b">zw&#x142;aszcza w dziejach naszego szkolnictwa /</subfield>
    <subfield code="c">napisa&#x142; Teofil Ziemba.</subfield>
  </datafield>
  <datafield tag="246" ind1="1" ind2="4">
    <subfield code="a">Tadeusz Czacki w dziejach naszego szkolnictwa</subfield>
  </datafield>
  <datafield tag="260" ind1=" " ind2=" ">
    <subfield code="a">Krak&#xF3;w :</subfield>
    <subfield code="b">[wdawca nieznany],</subfield>
    <subfield code="c">1873</subfield>
    <subfield code="e">(Krak&#xF3;w :</subfield>
    <subfield code="f">Drukarnia C.K. Uniwersytetu Jagiello&#x144;skiego pod zarz&#x105;dem K. Ma&#x144;kowskiego).</subfield>
  </datafield>
  <datafield tag="300" ind1=" " ind2=" ">
    <subfield code="a">[4], 79 stron ;</subfield>
    <subfield code="c">23 cm.</subfield>
  </datafield>
  <datafield tag="336" ind1=" " ind2=" ">
    <subfield code="a">Tekst</subfield>
    <subfield code="b">txt</subfield>
    <subfield code="2">rdacontent</subfield>
  </datafield>
  <datafield tag="337" ind1=" " ind2=" ">
    <subfield code="a">Bez urz&#x105;dzenia po&#x15B;rednicz&#x105;cego</subfield>
    <subfield code="b">n</subfield>
    <subfield code="2">rdamedia</subfield>
  </datafield>
  <datafield tag="338" ind1=" " ind2=" ">
    <subfield code="a">Wolumin</subfield>
    <subfield code="b">nc</subfield>
    <subfield code="2">rdacarrier</subfield>
  </datafield>
  <datafield tag="500" ind1=" " ind2=" ">
    <subfield code="a">Osobna odbitka z Sprawozdania gimnazyalnego &#x15B;w. Anny za rok 1872.</subfield>
  </datafield>
  <datafield tag="500" ind1=" " ind2=" ">
    <subfield code="a">Na stronie tytu&#x142;owej rok wydania 1872, na ok&#x142;adce - 1873.</subfield>
  </datafield>
  <datafield tag="510" ind1="4" ind2=" ">
    <subfield code="a">Estr., XIX w.,</subfield>
    <subfield code="c">t. 7. Dope&#x142;n. (P-&#x17B;)</subfield>
  </datafield>
  <datafield tag="530" ind1=" " ind2=" ">
    <subfield code="a">Dost&#x119;pne r&#xF3;wnie&#x17C; w formie elektronicznej.</subfield>
  </datafield>
  <datafield tag="600" ind1="1" ind2="7">
    <subfield code="a">Czacki, Tadeusz</subfield>
    <subfield code="2">DBN</subfield>
    <subfield code="9">39340</subfield>
  </datafield>
  <datafield tag="600" ind1="1" ind2="4">
    <subfield code="a">Czacki, Tadeusz</subfield>
    <subfield code="d">(1765-1813).</subfield>
    <subfield code="2">kaba</subfield>
    <subfield code="9">12830</subfield>
  </datafield>
  <datafield tag="600" ind1="1" ind2="7">
    <subfield code="a">Czacki, Tadeusz</subfield>
    <subfield code="d">(1765-1813)</subfield>
    <subfield code="x">wk&#x142;ad do edukacji.</subfield>
    <subfield code="2">kaba</subfield>
    <subfield code="9">39341</subfield>
  </datafield>
  <datafield tag="650" ind1=" " ind2="7">
    <subfield code="a">Pedagogika</subfield>
    <subfield code="2">DBN</subfield>
    <subfield code="9">39342</subfield>
  </datafield>
  <datafield tag="650" ind1=" " ind2="4">
    <subfield code="a">Edukacja</subfield>
    <subfield code="z">Polska</subfield>
    <subfield code="y">18 w.</subfield>
    <subfield code="2">kaba</subfield>
    <subfield code="9">12557</subfield>
  </datafield>
  <datafield tag="651" ind1=" " ind2="7">
    <subfield code="a">Polska</subfield>
    <subfield code="2">DBN</subfield>
    <subfield code="9">35076</subfield>
  </datafield>
  <datafield tag="710" ind1="2" ind2=" ">
    <subfield code="a">Drukarnia Uniwersytetu Jagiello&#x144;skiego.</subfield>
    <subfield code="e">Druk</subfield>
    <subfield code="4">prt</subfield>
    <subfield code="9">536</subfield>
  </datafield>
  <datafield tag="856" ind1="4" ind2="1">
    <subfield code="u">https://www.wbc.poznan.pl/publication/325463</subfield>
  </datafield>
  <datafield tag="942" ind1=" " ind2=" ">
    <subfield code="2">ddc</subfield>
    <subfield code="c">BK_NM</subfield>
  </datafield>
  <datafield tag="999" ind1=" " ind2=" ">
    <subfield code="c">27391</subfield>
    <subfield code="d">27391</subfield>
  </datafield>
  <datafield tag="952" ind1=" " ind2=" ">
    <subfield code="0">0</subfield>
    <subfield code="1">0</subfield>
    <subfield code="2">ddc</subfield>
    <subfield code="4">0</subfield>
    <subfield code="7">0</subfield>
    <subfield code="8">PBKH</subfield>
    <subfield code="a">BIP</subfield>
    <subfield code="b">PBKH</subfield>
    <subfield code="d">2026-03-31</subfield>
    <subfield code="e">D-33/1963</subfield>
    <subfield code="f">D</subfield>
    <subfield code="i">15097</subfield>
    <subfield code="l">0</subfield>
    <subfield code="o">15097</subfield>
    <subfield code="p">IPWK22092</subfield>
    <subfield code="r">2026-03-31 22:17:24</subfield>
    <subfield code="w">2026-03-31</subfield>
    <subfield code="y">BK_NM</subfield>
  </datafield>
</record>
